000
00155nam a22000857a 4500
082
_a
823
100
_a
ELAINE EPSTEIN
245
_a
SAY IT, SIGN IT
942
_c
BK
999
_c
8137
_d
8137